| 000 | 00652cam a22002175i 4500 | ||
|---|---|---|---|
| 999 |
_c10321 _d10321 |
||
| 003 | OSt | ||
| 005 | 20220314154821.0 | ||
| 008 | 171114s2018 nyu 000 0 eng | ||
| 010 |
_a 2017960630 _z 2018952494 |
||
| 020 | _a9781945150869 | ||
| 040 |
_aDLC _beng _erda _cDLC |
||
| 042 | _apcc | ||
| 082 |
_a720.1 _bSPI |
||
| 100 | 1 | _aSpina, Marcelo. | |
| 245 | 1 | 0 |
_aMute icons : _ba pressing dichotomy in contemporary architecture / _cMarcelo Spina, Georgina Huljich. |
| 263 | _a1111 | ||
| 300 | _apages cm | ||
| 906 |
_a0 _bibc _corignew _d2 _eepcn _f20 _gy-gencatlg |
||
| 942 | _2ddc | ||